Statistics for Asian Cities with Metro, with Exceptions

Click here to take the quiz!

General Stats

  • This quiz has been taken 105 times
    (45 since last reset)
  • The average score is 50 of 73

Answer Stats

CountryCity% Correct
AzerbaijanBaku
100%
BangladeshDhaka
100%
Ankara
97%
ThailandBangkok
97%
Delhi
97%
PhilippinesManila
97%
Mumbai
97%
Riyadh
97%
Seoul
97%
Taipei
97%
GeorgiaTbilisi
97%
Tokyo
97%
ArmeniaYerevan
97%
United Arab EmiratesDubai
94%
VietnamHanoi
94%
Istanbul
94%
IndonesiaJakarta
94%
MalaysiaKuala Lumpur
94%
Osaka
94%
Tehran
94%
South KoreaBusan
92%
Ho Chi Minh City
92%
Izmir
92%
Kolkata
92%
Saudi ArabiaMecca
92%
Nagoya
92%
North KoreaPyongyang
92%
SingaporeSingapore
92%
Chennai
89%
QatarDoha
89%
PakistanLahore
89%
Sapporo
89%
UzbekistanTashkent
89%
Bangalore
86%
Hyderabad
86%
Yokohama
81%
IndiaAhmedabad
78%
Hiroshima
78%
KazakhstanAlmaty
75%
Isfahan
75%
Daegu
72%
Pune
72%
Kyoto
69%
Bursa
67%
JapanFukuoka
64%
Incheon
64%
Jaipur
58%
Mashhad
58%
Sendai
56%
Shiraz
56%
Lucknow
53%
TaiwanKaohsiung
50%
Kobe
50%
Tabriz
50%
TurkeyAdana
47%
Nagpur
47%
Kanpur
44%
Qom
44%
Taichung
39%
Bhopal
33%
Indore
33%
Kochi
33%
New Taipei
31%
Daejeon
28%
Gwangju
28%
Taoyuan
25%
Noida
22%
IranAhvaz
17%
Gurgaon
17%
Karaj
14%
Navi Mumbai
11%
Kermanshah
8%
Gebze
0%

Score Distribution

Percentile by Number Answered

Percent of People with Each Score

Your Score History

You have not taken this quiz since the last reset